Hodnotenie finančnej situácie vybranej účtovnej jednotky v SR bakalárska práca

Guardado en:
Detalles Bibliográficos
Autor principal: Kostelná, Lucia
Autor Corporativo: Fakulta hospodárskej informatiky EU. Katedra účtovníctva a audítorstva
Otros Autores: Bagiová, Alexandra, 1994-
Formato: Libro
Lenguaje:eslovaco
Publicado: Bratislava 2020
Etiquetas: Agregar Etiqueta
Sin Etiquetas, Sea el primero en etiquetar este registro!

MARC

LEADER 00000nbm a2200000 4500
001 0264752
005 20210427213310.8
041 0 |a slo 
044 |a SK 
245 1 0 |a Hodnotenie finančnej situácie vybranej účtovnej jednotky v SR  |b bakalárska práca  |c Lucia Kostelná ; školiteľ: Alexandra Bagiová 
264 1 |a Bratislava  |c 2020 
300 |a 51 s. 
100 1 |a Kostelná, Lucia 
700 1 |a Bagiová, Alexandra, 1994- 
710 2 |a Fakulta hospodárskej informatiky EU. Katedra účtovníctva a audítorstva